Fellini : les cuento de mí : conversaciones con Constanzo Constantini /

Constanzo Costantini, periodista y amigo del cineasta, reúne en este volumen un conjunto de entrevistas que sostuvo con Fellini a lo largo de cuatro décadas, a partir de los años 1950. Supone una contribución especial a la literatura sobre Fellini, no sólo porque abarca toda su filmografía, sino por...

وصف كامل

محفوظ في:
التفاصيل البيبلوغرافية
المؤلف الرئيسي: Fellini, Federico (autor)
مؤلفون آخرون: Constantini, Constanzo (entrevista) (entrevista), Macotela, Fernando (traducción) (traducción)
التنسيق: كتاب
اللغة:الإسبانية
منشور في: México : Sexto Piso : CONACULTA, 2005, c2005
سلاسل:(Noesis Sexto Piso ; 18)
الموضوعات:
الوسوم: إضافة وسم
لا توجد وسوم, كن أول من يضع وسما على هذه التسجيلة!

MARC

LEADER 00000nam^a2200000^a^4500
001 000187329
005 20250521000000.0
009 20260310102258.049
020 |a 968-5679-73-8 
020 |a 970-35-0343-8 
037 |a Acervo ITESO - Biblioteca 
041 |a ESP 
082 |a 302. 2350945  |b FEL 
100 |a Fellini, Federico  |e (autor) 
245 1 0 |a Fellini :  |b les cuento de mí : conversaciones con Constanzo Constantini /  |c F. Fellini ; entrevistado por C. Constantini ; presen., notas y tr. por F. Macotela. 
264 4 |a México :  |b Sexto Piso :  |b CONACULTA,  |c 2005, c2005 
300 |a 287 p. 
336 |a texto  |b txt  |2 rdacontenido 
337 |a sin mediación  |b n  |2 rdamedio 
338 |a volumen  |b nc  |2 rdasoporte 
440 1 |a (Noesis Sexto Piso ;  |v 18) 
520 |a Constanzo Costantini, periodista y amigo del cineasta, reúne en este volumen un conjunto de entrevistas que sostuvo con Fellini a lo largo de cuatro décadas, a partir de los años 1950. Supone una contribución especial a la literatura sobre Fellini, no sólo porque abarca toda su filmografía, sino porque al tratarse de varias conversaciones –en vez de una sola- en el discurrir del tiempo, permite aproximarse a la obra y vida del artista italiano como un proceso en desarrollo. 
545 0 |a Federico Fellini (1920-1993) tal vez sea el director italiano de cine que mayor reconocimiento ha alcanzado entre espectadores de todo el mundo, al punto que el adjetivo felliniano sea empleado para describir expresiones semejantes a las de su muy personal estilo y universo fílmicos. El cineasta italiano incursiona en 1938 en el dibujo de historietas gráficas, otra de sus facetas creativas, ingresa al cine con algunas intervenciones actorales y continúa su formación en pleno auge del neorrealismo, con sus colaboraciones en Roma ciudad abierta (1945), Paisa (1946) y Francesco, giullare di Dio (1950), de Roberto Rossellini. La Strada (1954) y Las noches de Cabiria (1957) despuntan en la primera etapa de su filmografía, caracterizada por un esquema muy similar: una persona está a punto de ser corrompida por el ambiente en que vive, pero cuando todo parece inevitable, consigue superarlo gracias a su bondad, planteamiento muy influido por el neorrealismo y la democracia cristiana italiana. La dolce vita (1960) supone una variación de su estilo y el arranque de una segunda fase de su obra, de la que pueden citarse títulos como: Ocho y medio (1963), reflexión sobre sí mismo y su cine; Roma (1972) y Amarcord (1973), narraciones que alternan el sueño y el recuerdo; Ginger y Fred (1985), crítica a la televisión protagonizada por los intérpretes fellinianos por excelencia que fueron Marcello Mastroianni y Giulietta Masina; Y la nave va (1983) y Entrevista (1987). 
649 |a XX 
650 |a Cineastas Italianos -  |x Entrevistas 
650 |a Cine Italiano -  |x Historia y Crítica 
650 |a Cine Italiano -  |y Siglo XX 
650 |a Fellini, Federico -  |x Tema Principal 
700 |a Constantini, Constanzo  |e (entrevista) 
700 |a Macotela, Fernando  |e (traducción) 
910 |a Fondo General 
920 |a Impresos - Libros 
930 |a Colección General 
905 |a 101 
901 |a 0500129416  |b IT1  |c ACC  |u 20250521 
902 |a https://opac.biblio.iteso.mx/vufind/Record/000187329